[Event "World Youth & Cadets Blitz Championships"]
[Site "Rhodes, Greece"]
[Date "2022.05.03"]
[Round "3.21"]
[White "Sason, Noam"]
[Black "Jalving, August"]
[Result "0-1"]
[TimeControl "5'/game & 2\"/move"]
[WhiteElo "1495"]
[BlackElo "1908"]

1. e4 {[%clk 00:05:04]} c6 {[%clk 00:05:02]} {[%emt 00:00:02]} 2. Nf3 {[%clk
00:05:04]} {[%emt 00:00:01]} d5 {[%clk 00:05:03]} {[%emt 00:00:02]} 3. Nc3
{[%clk 00:05:05]} dxe4 {[%clk 00:05:04]} 4. Nxe4 {[%clk 00:05:06]} {[%emt
00:00:01]} Nf6 {[%clk 00:05:05]} 5. Qe2 {[%clk 00:05:06]} Nxe4 {[%clk
00:05:02]} {[%emt 00:00:06]} 6. Qxe4 {[%clk 00:05:07]} Nd7 {[%clk 00:05:02]}
{[%emt 00:00:02]} 7. d4 {[%clk 00:04:51]} {[%emt 00:00:18]} Nf6 {[%clk
00:05:03]} 8. Qh4 {[%clk 00:04:52]} {[%emt 00:00:01]} e6 {[%clk 00:04:58]}
{[%emt 00:00:08]} 9. Bd3 {[%clk 00:04:34]} {[%emt 00:00:19]} Be7 {[%clk
00:04:58]} {[%emt 00:00:02]} 10. Qg3 {[%clk 00:04:35]} {[%emt 00:00:01]} O-O
{[%clk 00:04:52]} {[%emt 00:00:08]} 11. Bh6 {[%clk 00:04:31]} {[%emt 00:00:07]}
Ne8 {[%clk 00:04:38]} {[%emt 00:00:16]} 12. O-O {[%clk 00:03:54]} {[%emt
00:00:38]} Kh8 {[%clk 00:04:30]} {[%emt 00:00:09]} 13. Bf4 {[%clk 00:03:38]}
{[%emt 00:00:18]} f5 {[%clk 00:03:49]} {[%emt 00:00:44]} 14. Rfe1 {[%clk
00:02:43]} {[%emt 00:00:57]} Nf6 {[%clk 00:03:38]} {[%emt 00:00:12]} 15. Qh3
{[%clk 00:02:10]} {[%emt 00:00:35]} Ne4 {[%clk 00:03:18]} {[%emt 00:00:23]} 16.
Qh5 {[%clk 00:01:38]} {[%emt 00:00:33]} Bd7 {[%clk 00:02:33]} {[%emt 00:00:47]}
17. Bxe4 {[%clk 00:00:56]} {[%emt 00:00:44]} fxe4 {[%clk 00:02:34]} {[%emt
00:00:01]} 18. Ng5 {[%clk 00:00:27]} {[%emt 00:00:31]} Bxg5 {[%clk 00:02:01]}
{[%emt 00:00:35]} 0-1

[Event "World Youth & Cadets Blitz Championships"]
[Site "Rhodes, Greece"]
[Date "2022.05.03"]
[Round "3.22"]
[White "Negrean, Andrei"]
[Black "Pawlicz, Filip"]
[Result "1/2-1/2"]
[TimeControl "5'/game & 2\"/move"]
[WhiteElo "1862"]
[BlackElo "1385"]

1. d4 {[%clk 00:05:03]} {[%emt 00:00:01]} d5 {[%clk 00:05:03]} {[%emt
00:00:01]} 2. c4 {[%clk 00:05:04]} e6 {[%clk 00:05:04]} 3. Nf3 {[%clk
00:05:05]} Nf6 {[%clk 00:05:04]} {[%emt 00:00:01]} 4. g3 {[%clk 00:05:07]} Be7
{[%clk 00:05:04]} {[%emt 00:00:02]} 5. Bg2 {[%clk 00:05:06]} {[%emt 00:00:02]}
O-O {[%clk 00:05:03]} {[%emt 00:00:03]} 6. O-O {[%clk 00:05:07]} {[%emt
00:00:01]} b6 {[%clk 00:05:00]} {[%emt 00:00:06]} 7. Re1 {[%clk 00:05:01]}
{[%emt 00:00:08]} Bb7 {[%clk 00:05:00]} {[%emt 00:00:02]} 8. Nc3 {[%clk
00:04:55]} {[%emt 00:00:09]} Nbd7 {[%clk 00:04:52]} {[%emt 00:00:11]} 9. Ne5
{[%clk 00:04:54]} {[%emt 00:00:02]} c5 {[%clk 00:04:42]} {[%emt 00:00:13]} 10.
cxd5 {[%clk 00:04:39]} {[%emt 00:00:16]} exd5 {[%clk 00:04:31]} {[%emt
00:00:13]} 11. Bf4 {[%clk 00:04:34]} {[%emt 00:00:08]} cxd4 {[%clk 00:03:57]}
{[%emt 00:00:36]} 12. Qxd4 {[%clk 00:04:30]} {[%emt 00:00:05]} Bc5 {[%clk
00:03:57]} {[%emt 00:00:02]} 13. Qd3 {[%clk 00:04:29]} {[%emt 00:00:03]} Nxe5
{[%clk 00:03:50]} {[%emt 00:00:09]} 14. Bxe5 {[%clk 00:04:30]} Bxf2+ {[%clk
00:03:47]} {[%emt 00:00:05]} 15. Kxf2 {[%clk 00:04:14]} {[%emt 00:00:18]} Ng4+
{[%clk 00:03:48]} 16. Kg1 {[%clk 00:04:11]} {[%emt 00:00:05]} Nxe5 {[%clk
00:03:49]} {[%emt 00:00:02]} 17. Qd4 {[%clk 00:04:02]} {[%emt 00:00:10]} Qe7
{[%clk 00:03:28]} {[%emt 00:00:23]} 18. Nxd5 {[%clk 00:03:51]} {[%emt
00:00:13]} Bxd5 {[%clk 00:03:28]} {[%emt 00:00:02]} 19. Qxd5 {[%clk 00:03:45]}
{[%emt 00:00:08]} Rad8 {[%clk 00:03:28]} {[%emt 00:00:02]} 20. Qe4 {[%clk
00:03:36]} {[%emt 00:00:09]} Qc5+ {[%clk 00:03:26]} {[%emt 00:00:07]} 21. Kh1
{[%clk 00:03:29]} {[%emt 00:00:08]} Rfe8 {[%clk 00:03:24]} {[%emt 00:00:04]} 22.
b4 {[%clk 00:02:52]} {[%emt 00:00:39]} Qb5 {[%clk 00:03:22]} {[%emt 00:00:04]}
23. a4 {[%clk 00:02:46]} {[%emt 00:00:08]} Qc4 {[%clk 00:03:10]} {[%emt
00:00:14]} 24. Qxc4 {[%clk 00:02:40]} {[%emt 00:00:08]} Nxc4 {[%clk 00:03:10]}
{[%emt 00:00:02]} 25. Rac1 {[%clk 00:02:20]} {[%emt 00:00:22]} Ne3 {[%clk
00:02:59]} {[%emt 00:00:12]} 26. Rc7 {[%clk 00:02:13]} {[%emt 00:00:10]} g6
{[%clk 00:02:53]} {[%emt 00:00:08]} 27. Bf3 {[%clk 00:01:54]} {[%emt 00:00:21]}
a5 {[%clk 00:02:36]} {[%emt 00:00:19]} 28. bxa5 {[%clk 00:01:47]} {[%emt
00:00:10]} bxa5 {[%clk 00:02:36]} {[%emt 00:00:02]} 29. Ra7 {[%clk 00:01:41]}
{[%emt 00:00:07]} Re5 {[%clk 00:02:35]} {[%emt 00:00:03]} 30. Kg1 {[%clk
00:00:53]} {[%emt 00:00:50]} Nd1 {[%clk 00:02:26]} {[%emt 00:00:12]} 31. Bc6
{[%clk 00:00:29]} {[%emt 00:00:26]} Nc3 {[%clk 00:02:22]} {[%emt 00:00:05]} 32.
Bb5 {[%clk 00:00:10]} {[%emt 00:00:21]} Nxb5 {[%clk 00:01:56]} {[%emt
00:00:28]} 33. Rxa5 {[%clk 00:00:07]} {[%emt 00:00:06]} Rdd5 {[%clk 00:01:50]}
{[%emt 00:00:07]} 34. axb5 {[%clk 00:00:05]} {[%emt 00:00:04]} Rxb5 {[%clk
00:01:50]} {[%emt 00:00:01]} 35. Rxb5 {[%clk 00:00:06]} {[%emt 00:00:02]} Rxb5
{[%clk 00:01:51]} {[%emt 00:00:01]} 36. Kf2 {[%clk 00:00:05]} {[%emt 00:00:04]}
Kg7 {[%clk 00:01:50]} {[%emt 00:00:02]} 37. Rc1 {[%clk 00:00:04]} {[%emt
00:00:03]} Rd5 {[%clk 00:01:47]} {[%emt 00:00:06]} 38. Rc3 {[%clk 00:00:04]}
{[%emt 00:00:01]} h5 {[%clk 00:01:43]} {[%emt 00:00:05]} 39. h4 {[%clk
00:00:05]} {[%emt 00:00:01]} Kf6 {[%clk 00:01:41]} {[%emt 00:00:04]} 40. Rf3+
{[%clk 00:00:04]} {[%emt 00:00:03]} Rf5 {[%clk 00:01:41]} {[%emt 00:00:02]} 41.
Ke3 {[%clk 00:00:04]} {[%emt 00:00:02]} Ke5 {[%clk 00:01:39]} {[%emt 00:00:04]}
42. Rf4 {[%clk 00:00:04]} {[%emt 00:00:02]} f6 {[%clk 00:01:32]} {[%emt
00:00:08]} 43. Re4+ {[%clk 00:00:05]} Kd5 {[%clk 00:01:32]} {[%emt 00:00:02]}
44. Re8 {[%clk 00:00:05]} {[%emt 00:00:02]} Re5+ {[%clk 00:01:31]} {[%emt
00:00:03]} 45. Rxe5+ {[%clk 00:00:05]} {[%emt 00:00:02]} Kxe5 {[%clk 00:01:31]}
{[%emt 00:00:02]} 46. Kf3 {[%clk 00:00:04]} {[%emt 00:00:02]} g5 {[%clk
00:01:29]} {[%emt 00:00:05]} 47. hxg5 {[%clk 00:00:04]} {[%emt 00:00:02]} fxg5
{[%clk 00:01:29]} {[%emt 00:00:02]} 48. e3 {[%clk 00:00:04]} {[%emt 00:00:04]}
Kf5 {[%clk 00:01:20]} {[%emt 00:00:11]} 49. e4+ {[%clk 00:00:04]} {[%emt
00:00:02]} Ke5 {[%clk 00:01:19]} {[%emt 00:00:02]} 50. Ke3 {[%clk 00:00:05]} h4
{[%clk 00:05:02]} {[%emt 00:00:19]} 1/2-1/2

[Event "World Youth & Cadets Blitz Championships"]
[Site "Rhodes, Greece"]
[Date "2022.05.03"]
[Round "3.23"]
[White "Verbytski, Oleg"]
[Black "Platonovs, Nikolajs"]
[Result "1-0"]
[TimeControl "5'/game & 2\"/move"]
[WhiteElo "1756"]
[BlackElo "1322"]

1. e4 {[%clk 00:05:02]} c5 {[%clk 00:05:04]} {[%emt 00:00:01]} 2. Nf3 {[%clk
00:05:02]} {[%emt 00:00:02]} d6 {[%clk 00:05:06]} 3. d4 {[%clk 00:05:02]}
{[%emt 00:00:02]} cxd4 {[%clk 00:05:07]} 4. Nxd4 {[%clk 00:05:03]} {[%emt
00:00:02]} Nf6 {[%clk 00:05:08]} 5. Nc3 {[%clk 00:05:03]} {[%emt 00:00:02]} a6
{[%clk 00:05:10]} 6. f3 {[%clk 00:05:02]} {[%emt 00:00:04]} e5 {[%clk
00:05:11]} 7. Nb3 {[%clk 00:05:02]} {[%emt 00:00:02]} Be7 {[%clk 00:05:13]} 8.
Be3 {[%clk 00:05:03]} {[%emt 00:00:02]} Be6 {[%clk 00:05:10]} {[%emt 00:00:04]}
9. Qd2 {[%clk 00:05:01]} {[%emt 00:00:04]} O-O {[%clk 00:05:09]} {[%emt
00:00:03]} 10. g4 {[%clk 00:05:02]} {[%emt 00:00:02]} d5 {[%clk 00:04:52]}
{[%emt 00:00:19]} 11. exd5 {[%clk 00:05:00]} {[%emt 00:00:04]} Nxd5 {[%clk
00:04:39]} {[%emt 00:00:14]} 12. Nxd5 {[%clk 00:04:40]} {[%emt 00:00:23]} Qxd5
{[%clk 00:04:27]} {[%emt 00:00:13]} 13. Qxd5 {[%clk 00:04:38]} {[%emt
00:00:04]} Bxd5 {[%clk 00:04:23]} {[%emt 00:00:05]} 14. Be2 {[%clk 00:04:39]}
{[%emt 00:00:03]} Nc6 {[%clk 00:04:05]} 15. c3 {[%clk 00:04:31]} {[%emt
00:00:30]} b5 {[%clk 00:04:00]} 16. Rd1 {[%clk 00:04:28]} {[%emt 00:00:12]} Be6
{[%clk 00:03:53]} 17. Kf2 {[%clk 00:04:23]} {[%emt 00:00:16]} Rfd8 {[%clk
00:03:33]} 18. Bd3 {[%clk 00:04:18]} {[%emt 00:00:28]} Rd7 {[%clk 00:03:05]} 19.
Be4 {[%clk 00:04:18]} {[%emt 00:00:32]} Rc8 {[%clk 00:02:50]} 20. Rxd7 {[%clk
00:04:05]} {[%emt 00:00:33]} Bxd7 {[%clk 00:02:51]} 21. Rd1 {[%clk 00:04:05]}
{[%emt 00:00:02]} Be6 {[%clk 00:02:30]} 22. Nc5 {[%clk 00:03:51]} {[%emt
00:00:39]} Bxc5 {[%clk 00:02:13]} 23. Bxc5 {[%clk 00:03:50]} {[%emt 00:00:23]}
g6 {[%clk 00:01:51]} 24. a3 {[%clk 00:03:41]} {[%emt 00:00:35]} Na5 {[%emt
00:00:16]} 25. Be3 {[%clk 00:03:39]} {[%emt 00:00:03]} Nc4 {[%emt 00:00:04]} 26.
Bh6 {[%clk 00:03:40]} Nxa3 {[%clk 00:01:25]} 27. bxa3 {[%clk 00:03:40]} a5
{[%clk 00:01:16]} {[%emt 00:00:14]} 28. Rd6 {[%clk 00:03:23]} Bc4 {[%clk
00:01:06]} {[%emt 00:00:31]} 29. Rb6 {[%clk 00:03:08]} 1-0

[Event "World Youth & Cadets Blitz Championships"]
[Site "Rhodes, Greece"]
[Date "2022.05.03"]
[Round "3.24"]
[White "Hanache, Kai"]
[Black "Gabadadze, Gabriel"]
[Result "1/2-1/2"]
[TimeControl "5'/game & 2\"/move"]
[WhiteElo "1644"]
[BlackElo "1254"]

1. e4 {[%clk 00:05:01]} {[%emt 00:00:03]} c5 {[%clk 00:05:04]} 2. Nf3 {[%clk
00:05:01]} e6 {[%clk 00:05:05]} 3. c3 {[%clk 00:05:01]} {[%emt 00:00:02]} Nf6
{[%clk 00:05:06]} 4. Bd3 {[%clk 00:05:01]} {[%emt 00:00:02]} Nc6 {[%clk
00:04:58]} {[%emt 00:00:10]} 5. O-O {[%clk 00:05:00]} {[%emt 00:00:03]} d6
{[%clk 00:04:59]} 6. Bc2 {[%clk 00:05:00]} {[%emt 00:00:03]} e5 {[%clk
00:04:56]} {[%emt 00:00:05]} 7. d4 {[%clk 00:05:00]} {[%emt 00:00:02]} cxd4
{[%clk 00:04:49]} {[%emt 00:00:08]} 8. cxd4 {[%clk 00:05:01]} {[%emt 00:00:01]}
Bg4 {[%clk 00:04:46]} {[%emt 00:00:05]} 9. Ba4 {[%clk 00:04:30]} {[%emt
00:00:34]} Bxf3 {[%clk 00:04:12]} {[%emt 00:00:35]} 10. Qxf3 {[%clk 00:04:30]}
{[%emt 00:00:02]} exd4 {[%clk 00:04:11]} {[%emt 00:00:03]} 11. Bg5 {[%clk
00:04:17]} {[%emt 00:00:15]} Be7 {[%clk 00:03:49]} {[%emt 00:00:24]} 12. Bxc6+
{[%clk 00:04:16]} {[%emt 00:00:03]} bxc6 {[%clk 00:03:48]} {[%emt 00:00:03]} 13.
e5 {[%clk 00:04:16]} {[%emt 00:00:02]} dxe5 {[%clk 00:03:01]} {[%emt 00:00:49]}
14. Qxc6+ {[%clk 00:04:15]} {[%emt 00:00:03]} Nd7 {[%clk 00:02:39]} {[%emt
00:00:24]} 15. Bxe7 {[%clk 00:04:02]} {[%emt 00:00:15]} Kxe7 {[%clk 00:02:39]}
{[%emt 00:00:02]} 16. Nd2 {[%clk 00:03:58]} {[%emt 00:00:06]} Rc8 {[%clk
00:02:35]} {[%emt 00:00:05]} 17. Qe4 {[%clk 00:03:58]} {[%emt 00:00:03]} Qa5
{[%clk 00:02:06]} {[%emt 00:00:31]} 18. Nb3 {[%clk 00:03:49]} {[%emt 00:00:10]}
Qb6 {[%clk 00:01:55]} {[%emt 00:00:13]} 19. Rfe1 {[%clk 00:03:43]} {[%emt
00:00:08]} Kf8 {[%clk 00:01:45]} {[%emt 00:00:11]} 20. Rad1 {[%clk 00:03:40]}
{[%emt 00:00:07]} g6 {[%clk 00:01:38]} {[%emt 00:00:09]} 21. Nxd4 {[%clk
00:03:33]} {[%emt 00:00:09]} exd4 {[%clk 00:01:13]} {[%emt 00:00:27]} 22. Qe7+
{[%clk 00:03:31]} {[%emt 00:00:04]} Kg7 {[%clk 00:01:14]} {[%emt 00:00:01]} 23.
Qxd7 {[%clk 00:03:29]} {[%emt 00:00:04]} Rhd8 {[%clk 00:01:12]} {[%emt
00:00:04]} 24. Qe7 {[%clk 00:03:04]} {[%emt 00:00:25]} Qxb2 {[%clk 00:00:50]}
{[%emt 00:00:26]} 25. Qxa7 {[%clk 00:02:36]} {[%emt 00:00:30]} Ra8 {[%emt
00:00:32]} 26. Qc7 {[%clk 00:02:25]} Rxa2 {[%clk 00:00:21]} {[%emt 00:00:13]}
27. Qg3 {[%clk 00:01:59]} {[%emt 00:00:29]} d3 {[%clk 00:00:12]} {[%emt
00:00:11]} 28. h3 {[%clk 00:01:57]} {[%emt 00:00:04]} d2 {[%clk 00:00:11]}
{[%emt 00:00:03]} 29. Rf1 {[%clk 00:01:38]} {[%emt 00:00:19]} Ra3 {[%clk
00:00:05]} {[%emt 00:00:09]} 30. Qf4 {[%clk 00:01:30]} {[%emt 00:00:09]} Rad3
{[%clk 00:00:05]} {[%emt 00:00:03]} 31. Qe4 {[%clk 00:01:12]} {[%emt 00:00:19]}
Qd4 {[%clk 00:00:06]} {[%emt 00:00:02]} 32. Qe2 {[%clk 00:01:08]} {[%emt
00:00:06]} Qd5 {[%clk 00:00:05]} {[%emt 00:00:03]} 33. Kh2 {[%clk 00:00:57]}
{[%emt 00:00:13]} Qd6+ {[%clk 00:00:05]} {[%emt 00:00:02]} 34. f4 {[%clk
00:00:55]} {[%emt 00:00:03]} Qd5 {[%clk 00:00:05]} {[%emt 00:00:03]} 35. Rf2
{[%clk 00:00:44]} {[%emt 00:00:13]} Qd6 {[%clk 00:00:05]} {[%emt 00:00:02]} 36.
Kh1 {[%clk 00:00:39]} {[%emt 00:00:07]} Qd5 {[%clk 00:00:05]} {[%emt 00:00:02]}
37. Kh2 {[%clk 00:00:35]} {[%emt 00:00:06]} h5 {[%clk 00:00:06]} {[%emt
00:00:02]} 38. f5 {[%clk 00:00:31]} {[%emt 00:00:06]} Qd6+ {[%clk 00:00:06]} 39.
Kg1 {[%clk 00:00:27]} {[%emt 00:00:05]} Qd7 {[%clk 00:00:04]} {[%emt 00:00:05]}
40. fxg6 {[%clk 00:00:23]} {[%emt 00:00:06]} fxg6 {[%clk 00:00:05]} {[%emt
00:00:01]} 41. Qe5+ {[%clk 00:00:21]} {[%emt 00:00:04]} Kh7 {[%clk 00:00:05]}
{[%emt 00:00:03]} 42. Qe2 {[%emt 00:00:05]} Re8 {[%clk 00:00:04]} {[%emt
00:00:01]} 43. Qf1 {[%clk 00:00:19]} {[%emt 00:00:02]} Re1 {[%clk 00:00:04]}
{[%emt 00:00:03]} 44. Rxe1 {[%clk 00:00:13]} {[%emt 00:00:07]} dxe1=Q {[%emt
00:00:03]} 45. Qxe1 {[%clk 00:00:10]} {[%emt 00:00:04]} Rd1 {[%clk 00:00:05]}
{[%emt 00:00:01]} 46. Rf7+ {[%clk 00:00:12]} Qxf7 {[%clk 00:00:04]} {[%emt
00:00:03]} 47. Qxd1 {[%clk 00:00:13]} Qa7+ {[%clk 00:00:05]} 48. Kh1 {[%clk
00:00:13]} {[%emt 00:00:01]} Qe7 {[%clk 00:00:05]} {[%emt 00:00:01]} 49. Qf1
{[%clk 00:00:14]} 1/2-1/2

[Event "World Youth & Cadets Blitz Championships"]
[Site "Rhodes, Greece"]
[Date "2022.05.03"]
[Round "3.26"]
[White "Sofronie, Vladimir"]
[Black "Lebedev, Lion"]
[Result "1-0"]
[TimeControl "5'/game & 2\"/move"]
[WhiteElo "1428"]
[BlackElo "1141"]

1. f4 {[%clk 00:05:02]} {[%emt 00:00:02]} d5 {[%clk 00:05:03]} {[%emt
00:00:01]} 2. Nf3 {[%clk 00:05:02]} {[%emt 00:00:02]} c5 {[%clk 00:05:04]}
{[%emt 00:00:02]} 3. e3 {[%clk 00:05:03]} Nc6 {[%clk 00:05:04]} {[%emt
00:00:01]} 4. Bb5 {[%clk 00:05:04]} Qb6 {[%clk 00:05:03]} {[%emt 00:00:03]} 5.
Bxc6+ {[%clk 00:05:02]} {[%emt 00:00:03]} bxc6 {[%clk 00:05:04]} {[%emt
00:00:02]} 6. b3 {[%clk 00:05:03]} {[%emt 00:00:02]} Ba6 {[%clk 00:05:05]}
{[%emt 00:00:01]} 7. d3 {[%clk 00:05:02]} {[%emt 00:00:03]} Nf6 {[%clk
00:05:04]} {[%emt 00:00:02]} 8. O-O {[%clk 00:05:01]} {[%emt 00:00:02]} e6
{[%clk 00:05:04]} {[%emt 00:00:03]} 9. Bb2 {[%clk 00:04:59]} {[%emt 00:00:04]}
Be7 {[%clk 00:05:03]} {[%emt 00:00:04]} 10. Nbd2 {[%clk 00:04:57]} {[%emt
00:00:04]} c4 {[%clk 00:04:53]} {[%emt 00:00:11]} 11. Qe2 {[%clk 00:04:39]}
{[%emt 00:00:19]} Ng4 {[%clk 00:04:41]} {[%emt 00:00:15]} 12. Bd4 {[%clk
00:04:35]} {[%emt 00:00:05]} c5 {[%clk 00:04:32]} {[%emt 00:00:12]} 13. Bxg7
{[%clk 00:04:29]} {[%emt 00:00:08]} Rg8 {[%clk 00:04:32]} {[%emt 00:00:01]} 14.
Bb2 {[%clk 00:04:29]} {[%emt 00:00:02]} cxd3 {[%clk 00:04:26]} {[%emt
00:00:09]} 15. cxd3 {[%clk 00:04:27]} {[%emt 00:00:05]} c4 {[%clk 00:04:26]}
{[%emt 00:00:02]} 16. Bd4 {[%clk 00:04:18]} {[%emt 00:00:10]} cxd3 {[%clk
00:04:15]} {[%emt 00:00:13]} 17. Qe1 {[%clk 00:04:10]} {[%emt 00:00:08]} Bc5
{[%clk 00:04:05]} {[%emt 00:00:15]} 18. h3 {[%clk 00:04:07]} {[%emt 00:00:04]}
Nh6 {[%emt 00:00:06]} 19. Bxc5 {[%clk 00:03:52]} {[%emt 00:00:16]} Qxc5 {[%clk
00:04:00]} {[%emt 00:00:04]} 20. Rc1 {[%clk 00:03:53]} Qb6 {[%clk 00:03:59]}
{[%emt 00:00:03]} 21. Nd4 {[%clk 00:03:43]} {[%emt 00:00:11]} Bb7 {[%clk
00:03:18]} {[%emt 00:00:44]} 22. Qh4 {[%clk 00:03:35]} {[%emt 00:00:10]} Nf5
{[%clk 00:03:07]} {[%emt 00:00:13]} 23. Nxf5 {[%clk 00:03:28]} {[%emt
00:00:09]} exf5 {[%clk 00:03:07]} {[%emt 00:00:02]} 24. Rce1 {[%clk 00:03:03]}
{[%emt 00:00:25]} Qc6 {[%clk 00:02:47]} {[%emt 00:00:24]} 25. Qxh7 {[%clk
00:02:44]} {[%emt 00:00:21]} Rg6 {[%clk 00:02:19]} {[%emt 00:00:30]} 26. Nf3
{[%clk 00:02:20]} {[%emt 00:00:26]} d2 {[%clk 00:01:47]} {[%emt 00:00:34]} 27.
Nxd2 {[%clk 00:01:47]} {[%emt 00:00:35]} Ke7 {[%clk 00:01:29]} {[%emt
00:00:20]} 28. Qh4+ {[%clk 00:01:39]} {[%emt 00:00:07]} Kd6 {[%clk 00:01:05]}
{[%emt 00:00:28]} 29. Nf3 {[%clk 00:01:28]} {[%emt 00:00:11]} Rag8 {[%clk
00:00:56]} {[%emt 00:00:14]} 30. Rf2 {[%clk 00:01:22]} {[%emt 00:00:06]} d4
{[%clk 00:00:40]} {[%emt 00:00:19]} 31. exd4 {[%clk 00:01:14]} {[%emt
00:00:10]} Rxg2+ {[%clk 00:00:25]} {[%emt 00:00:17]} 32. Kh1 {[%clk 00:00:48]}
{[%emt 00:00:27]} Rxf2 {[%clk 00:00:08]} {[%emt 00:00:21]} 33. Qe7+ {[%clk
00:00:49]} Kd5 {[%clk 00:00:09]} {[%emt 00:00:02]} 34. Qe5# {[%clk 00:00:50]}
1-0

[Event "World Youth & Cadets Blitz Championships"]
[Site "Rhodes, Greece"]
[Date "2022.05.03"]
[Round "3.27"]
[White "Vihaan, Anupam Agrawal"]
[Black "Modith, Aaroh Mutyalapati"]
[Result "0-1"]
[TimeControl "5'/game & 2\"/move"]
[WhiteElo "1325"]
[BlackElo "1598"]

1. e4 {[%clk 00:05:03]} {[%emt 00:00:01]} c5 {[%clk 00:05:04]} {[%emt
00:00:01]} 2. c3 {[%clk 00:05:03]} {[%emt 00:00:01]} e6 {[%clk 00:05:03]}
{[%emt 00:00:03]} 3. d4 {[%clk 00:05:04]} {[%emt 00:00:02]} cxd4 {[%clk
00:05:05]} 4. cxd4 {[%clk 00:05:02]} {[%emt 00:00:03]} d5 {[%clk 00:05:06]} 5.
exd5 {[%clk 00:04:50]} {[%emt 00:00:14]} exd5 {[%clk 00:05:06]} {[%emt
00:00:01]} 6. Bd3 {[%clk 00:04:47]} {[%emt 00:00:05]} Nc6 {[%clk 00:05:06]}
{[%emt 00:00:03]} 7. Nf3 {[%clk 00:04:43]} {[%emt 00:00:06]} Bg4 {[%clk
00:05:05]} {[%emt 00:00:04]} 8. Be3 {[%clk 00:04:41]} {[%emt 00:00:03]} Nf6
{[%clk 00:05:05]} {[%emt 00:00:02]} 9. Nc3 {[%clk 00:04:27]} {[%emt 00:00:15]}
Bb4 {[%clk 00:05:06]} {[%emt 00:00:03]} 10. O-O {[%clk 00:04:14]} {[%emt
00:00:13]} O-O {[%clk 00:05:05]} {[%emt 00:00:04]} 11. Rc1 {[%clk 00:04:08]}
{[%emt 00:00:08]} Rc8 {[%clk 00:05:05]} {[%emt 00:00:03]} 12. Be2 {[%clk
00:03:55]} {[%emt 00:00:13]} Re8 {[%clk 00:05:01]} {[%emt 00:00:07]} 13. h3
{[%clk 00:03:38]} {[%emt 00:00:19]} Bh5 {[%clk 00:05:01]} {[%emt 00:00:02]} 14.
a3 {[%clk 00:02:56]} {[%emt 00:00:44]} Bxc3 {[%clk 00:04:59]} {[%emt 00:00:03]}
15. Rxc3 {[%clk 00:02:52]} {[%emt 00:00:07]} Qd6 {[%clk 00:04:41]} {[%emt
00:00:20]} 16. Nd2 {[%clk 00:00:39]} {[%emt 00:02:15]} Bxe2 {[%clk 00:04:40]}
{[%emt 00:00:02]} 17. Qxe2 {[%clk 00:00:40]} {[%emt 00:00:02]} Nxd4 {[%clk
00:04:29]} {[%emt 00:00:13]} 18. Qd3 {[%clk 00:00:23]} {[%emt 00:00:19]} Nc6
{[%clk 00:04:11]} {[%emt 00:00:20]} 0-1

[Event "World Youth & Cadets Blitz Championships"]
[Site "Rhodes, Greece"]
[Date "2022.05.03"]
[Round "3.28"]
[White "Pathak, Raghav"]
[Black "Popov, Aleksandr And"]
[Result "1-0"]
[TimeControl "5'/game & 2\"/move"]
[WhiteElo "1415"]
[BlackElo "1175"]

1. e4 {[%emt 00:00:03]} e5 {[%clk 00:05:03]} 2. Nf3 {[%clk 00:05:04]} {[%emt
00:00:01]} Nc6 {[%clk 00:05:04]} 3. Bc4 {[%clk 00:05:05]} {[%emt 00:00:01]} Bc5
{[%clk 00:05:04]} {[%emt 00:00:01]} 4. c3 {[%clk 00:05:06]} {[%emt 00:00:01]}
Nf6 {[%clk 00:05:04]} {[%emt 00:00:03]} 5. d3 {[%clk 00:05:07]} O-O {[%clk
00:05:02]} {[%emt 00:00:04]} 6. a4 {[%clk 00:05:09]} a6 {[%emt 00:00:12]} 7.
Bb3 {[%clk 00:05:02]} d6 {[%clk 00:04:57]} {[%emt 00:00:06]} 8. Nbd2 {[%clk
00:05:00]} {[%emt 00:00:03]} Be6 {[%clk 00:04:53]} {[%emt 00:00:06]} 9. Bc2
{[%clk 00:04:59]} {[%emt 00:00:02]} Qd7 {[%clk 00:04:40]} {[%emt 00:00:17]} 10.
h3 {[%clk 00:05:00]} Rfe8 {[%clk 00:04:35]} {[%emt 00:00:07]} 11. Nf1 {[%clk
00:05:00]} {[%emt 00:00:01]} d5 {[%clk 00:04:26]} {[%emt 00:00:11]} 12. exd5
{[%clk 00:04:52]} {[%emt 00:00:09]} Bxd5 {[%clk 00:04:26]} {[%emt 00:00:03]} 13.
Ng3 {[%clk 00:04:45]} {[%emt 00:00:08]} Qe7 {[%clk 00:04:09]} {[%emt 00:00:20]}
14. O-O {[%clk 00:04:42]} {[%emt 00:00:05]} Be6 {[%clk 00:04:02]} {[%emt
00:00:09]} 15. Re1 {[%clk 00:04:32]} {[%emt 00:00:11]} Bd6 {[%clk 00:03:55]}
{[%emt 00:00:10]} 16. d4 {[%clk 00:04:26]} {[%emt 00:00:07]} Nd7 {[%clk
00:03:44]} {[%emt 00:00:14]} 17. d5 {[%clk 00:04:26]} {[%emt 00:00:02]} Bxd5
{[%clk 00:03:34]} {[%emt 00:00:12]} 18. Qxd5 {[%clk 00:04:26]} {[%emt
00:00:01]} Nb6 {[%clk 00:03:33]} {[%emt 00:00:04]} 19. Qe4 {[%clk 00:04:20]}
{[%emt 00:00:06]} Rad8 {[%clk 00:03:28]} {[%emt 00:00:09]} 20. Qxh7+ {[%clk
00:04:20]} {[%emt 00:00:02]} Kf8 {[%clk 00:00:03]} {[%emt 00:03:27]} 21. Qh8#
{[%clk 00:04:20]} {[%emt 00:00:03]} 1-0